[Event "Baltic Zonal II Stage 2018"]
[Site "Palanga"]
[Date "2018.06.16"]
[Round "4"]
[White "Stremavicius, Titas"]
[Black "Pedoson, Georg Aleksander"]
[Result "1-0"]
[WhiteElo "2444"]
[BlackElo "2125"]
[Annotator "TA"]
[PlyCount "51"]
[EventDate "2018.??.??"]
[EventType "swiss"]
[EventCountry "LTU"]
[SourceTitle "playchess.com"]
[Source "ChessBase"]
[SourceQuality "1"]

{[%evp 26,51,30,10,51,66,66,57,38,40,40,28,20,19,21,0,198,190,300,301,304,304,394,261,391,404,387,206]} 1. d4 Nf6 {[%cal Bg8f6,Bf6e4,Be4c3][%mdl 32]} 2. c4 g6 3. Nc3 d5 4. Nf3 Bg7 5. Bg5 Ne4 6. cxd5 Nxc3 7. bxc3 Qxd5 8. e3 c5 9. Be2 cxd4 10. cxd4 Nc6 11. O-O O-O 12. Bf4 Bf5 13. Qa4 {D80: Grünfeldindisch (4.Lg5)} Qa5 14. Qb3 {[#] LiveBook: 39 Partien} b6 $146 ({Vorgänger:} 14... Qb4 15. Rfc1 Qxb3 16. axb3 a6 17. Rc5 Rac8 18. Rac1 Nb4 19. Ne5 Rxc5 20. Rxc5 Rc8 21. Bf3 b6 22. Rxc8+ Bxc8 23. Nc4 {½-½ (23) Radjabov,T (2784)-Morozevich,A (2769) Moscow 2012}) 15. Rac1 {Weiß steht etwas besser.} Rac8 16. Bc4 Bd7 17. Ng5 {[%cal Bf3g5,Bg5e4,Be4g3][%mdl 32]} Nd8 18. a3 e5 19. dxe5 Bxe5 20. Ne4 Bg7 $2 {[#]} (20... Be6 $11 {und Schwarz muss sich keine Sorgen machen.}) 21. Bd6 $1 $36 {[%cal Rd6f8][%mdl 2048] Weiss hat starke Initiative.} Rxc4 (21... Ba4 {war einen Versuch wert.} 22. Qa2 Bc6) 22. Qxc4 ({Finger weg von} 22. Rxc4 $6 Re8 $18) 22... Re8 {...Lb5 wäre jetzt gut für Schwarz.} 23. Bb4 Qh5 {Wenn Schwarz jetzt Zeit für ...Lb5 hätte...} 24. Ng3 Qg5 (24... Qb5 $142 25. Qc7 Ne6 26. Qxa7 Bc6) 25. Rfd1 Bb5 26. Qd5 {Precision: Weiß = 58%, Schwarz = 33%.} (26. Qb3 $142 Qg4 27. Qd5) 1-0

[Event "Baltic Zonal II Stage 2018"]
[Site "Palanga"]
[Date "2018.06.16"]
[Round "4"]
[White "Malisauskas, Vidmantas"]
[Black "Klabis, Rokas"]
[Result "1-0"]
[WhiteElo "2422"]
[BlackElo "2383"]
[Annotator "TA"]
[PlyCount "49"]
[EventDate "2018.??.??"]
[EventType "swiss"]
[EventCountry "LTU"]
[SourceTitle "playchess.com"]
[Source "ChessBase"]
[SourceQuality "1"]

{[%evp 20,49,64,63,73,64,68,66,97,68,77,64,55,53,102,92,93,91,100,91,101,91,95,96,729,719,931,417,922,912,29996,29997]} 1. Nf3 Nf6 2. c4 e6 3. g3 c5 4. Bg2 Nc6 5. O-O Be7 6. d4 cxd4 7. Nxd4 O-O 8. Nc3 a6 9. Bf4 Nxd4 10. Qxd4 d6 11. Qd3 {LiveBook: 17 Games} h6 {A33: Symmetrical English: 2 Nf3 Nf6 3 d4 cxd4 4 Nxd4 e6 5 Nc3 Nc6} (11... Qc7 12. Rfd1 Rd8 13. Rac1 Nh5 14. Be3 Nf6 15. Na4 Nd7 16. Qb3 Rb8 17. Ba7 Ra8 18. Bd4 Rb8 19. Nb6 {1-0 (45) Schlosser,P (2523)-Hebesberger,T (2299) Austria 2017}) 12. Rfd1 $146 {[%cal Rf4d6]} ({Predecessor:} 12. h3 Rb8 13. Rfd1 e5 14. Be3 Bd7 15. Rac1 Qc8 16. Nd5 Nxd5 17. cxd5 Qd8 18. Rc2 Rc8 19. Rdc1 Rxc2 20. Rxc2 Bg5 21. Bxg5 Qxg5 22. h4 Qg4 23. Bf3 Qb4 24. a3 Qb6 {½-½ (24) Pick,S (2130)-Seidl,A (2028) Czechia 2012}) 12... e5 13. Be3 Qc7 {White is slightly better.} 14. Rac1 Bd7 15. Nd5 Nxd5 16. Bxd5 Bc6 17. Bxh6 gxh6 18. Qg6+ $1 Kh8 19. Qxh6+ Kg8 {[#] White should prevent ...Bxd5.} 20. c5 $1 {[%mdl 512]} Bxd5 ({But not} 20... dxc5 $2 21. Rc4 $18) 21. Rxd5 $40 {[%mdl 128] White is out for blood.} Qc6 $2 {[%mdl 8192] [#]} ({Avoid the trap} 21... dxc5 $2 22. Rc4 $18) (21... Qd7 $16) 22. Rc4 $1 $18 {[%cal Rc4g4][%mdl 512] Intending Rg4+ and mate.} f5 23. Qg6+ Kh8 {[%cal Rd6c5]} 24. Rxd6 Qb5 25. Qh5+ {Precision: White = 77%, Black = 35%.} 1-0

[Event "Baltic Zonal II Stage 2018"]
[Site "Palanga"]
[Date "2018.06.16"]
[Round "4"]
[White "Bernotas, Arturs"]
[Black "Haavamae, Henrik"]
[Result "1-0"]
[WhiteElo "2407"]
[BlackElo "2209"]
[Annotator "NA"]
[PlyCount "73"]
[EventDate "2018.??.??"]
[EventType "swiss"]
[EventCountry "LTU"]
[SourceTitle "playchess.com"]
[Source "ChessBase"]
[SourceQuality "1"]
[TimeControl "5400+30"]

1. e4 {[%emt 0:00:00]} c5 {[%emt 0:00:16]} 2. Nf3 {[%emt 0:00:00]} d6 {[%emt 0:00:38]} 3. Bb5+ {[%emt 0:00:17]} Bd7 {[%emt 0:00:13]} 4. c4 {[%emt 0:00:24]} Nf6 {[%emt 0:00:24]} 5. Nc3 {[%emt 0:00:12]} g6 {[%emt 0:00:25]} 6. O-O {[%emt 0:00:18]} Bg7 {[%emt 0:00:05]} 7. d4 {[%emt 0:00:27]} cxd4 {[%emt 0:00:06]} 8. Nxd4 {[%emt 0:00:06]} Nc6 {[%emt 0:00:06]} 9. Bxc6 {[%emt 0:06:16]} bxc6 {[%emt 0:01:02]} 10. c5 {[%emt 0:01:22]} O-O {[%emt 0:07:59]} 11. h3 {[%emt 0:04:40]} Qc7 {[%emt 0:10:48]} 12. cxd6 {[%emt 0:01:59]} exd6 {[%emt 0:00:42]} 13. Bf4 {[%emt 0:00:55]} Rfd8 {[%emt 0:05:45]} 14. Re1 {[%emt 0:06:34]} c5 {[%emt 0:04:52]} 15. Nc2 {[%emt 0:22:25]} Bc6 {[%emt 0:01:15]} 16. Qf3 {[%emt 0:07:05]} Nd7 {[%emt 0:13:13]} 17. Ne3 {[%emt 0:04:28]} Ne5 {[%emt 0:02:04]} 18. Qe2 {[%emt 0:02:04]} Qb7 {[%emt 0:02:23]} 19. Ned5 {[%emt 0:01:01]} Bxd5 {[%emt 0:17:53]} 20. Nxd5 {[%emt 0:01:33]} Rab8 {[%emt 0:04:00]} 21. Rab1 {[%emt 0:05:05]} Qb5 {[%emt 0:02:07]} 22. Bg5 {[%emt 0:04:32]} Rd7 {[%emt 0:08:19]} 23. Nf6+ {[%emt 0:06:23]} Bxf6 {[%emt 0:00:33]} 24. Bxf6 {[%emt 0:03:25]} Qxe2 {[%emt 0:01:45]} 25. Rxe2 {[%emt 0:00:04]} Nd3 {[%emt 0:08:08]} 26. Rd1 {[%emt 0:02:29]} c4 {[%emt 0:01:14]} 27. Rc2 {[%emt 0:02:23]} Rdb7 {[%emt 0:02:47]} 28. Rdd2 {[%emt 0:04:12]} Rb4 {[%emt 0:00:45]} 29. f3 {[%emt 0:04:56]} Kf8 {[%emt 0:02:38]} 30. b3 {[%emt 0:04:45]} cxb3 {[%emt 0:00:39]} 31. axb3 {[%emt 0:00:03]} Rxb3 {[%emt 0:00:34]} 32. Rc7 {[%emt 0:00:05]} a5 {[%emt 0:01:41]} 33. Rdc2 {[%emt 0:00:19]} Re8 {[%emt 0:01:07]} 34. R2c6 {[%emt 0:02:58]} Ne5 {[%emt 0:00:31]} 35. Rxd6 {[%emt 0:00:37]} Rb1+ {[%emt 0:00:30]} 36. Kh2 {[%emt 0:00:18]} Kg8 {[%emt 0:00:28]} 37. Re7 1-0

[Event "Baltic Zonal II Stage 2018"]
[Site "Palanga"]
[Date "2018.06.16"]
[Round "4"]
[White "Pultinevicius, Paulius"]
[Black "Kanep, Meelis"]
[Result "1/2-1/2"]
[WhiteElo "2395"]
[BlackElo "2454"]
[Annotator "TA"]
[PlyCount "173"]
[EventDate "2018.??.??"]
[EventType "swiss"]
[EventCountry "LTU"]
[SourceTitle "playchess.com"]
[Source "ChessBase"]
[SourceQuality "1"]

{[%evp 9,173,5,4,-41,0,0,2,0,26,22,14,26,56,21,4,0,18,24,15,-20,-12,-10,-21,-33,-36,-33,-35,-31,-45,-43,-44,-65,-57,-78,-56,-81,-81,-84,-77,-77,-72,-81,-51,-72,-57,-68,-54,-68,-61,-54,-54,-64,-65,-106,-100,-98,-94,-99,-106,-106,-100,-98,-89,-85,0,0,0,0,0,0,0,0,0,0,0,0,0,-16,0,0,0,0,0,-66,-66,-86,0,0,0,0,0,0,0,0,0,0,0,0,0,0,0,0,0,0,0,0,0,0,0,0,0,0,0,0,0,0,0,0,0,0,0,0,0,0,0,0,0,0,0,0,0,0,0,0,0,0,0,0,0,0,0,0,0,0,0,0,0,0,0,0,0,0,0,0,0,0,0,0,0,0,0,0,0,0,0,0]} 1. Nf3 d5 2. g3 c5 3. Bg2 Nf6 4. O-O e6 {[%cal Be7e6,Be6e5,Be5e4][%mdl 32]} 5. d4 cxd4 6. b3 {D02: 1 d4 d5 2 Nf3 sidelines, including 2...Nf6 3 g3 and 2...Nf6 3 Bf4} Nbd7 (6... Bc5 7. Bb2 O-O 8. Nxd4 e5 9. Nf3 e4 10. Nd4 Nc6 11. Qd2 Re8 12. Nxc6 bxc6 {½-½ (147) Aronian,L (2799)-Navara,D (2737) Saint Louis 2017}) 7. Nxd4 e5 8. Nf3 e4 $146 ({Predecessor:} 8... Be7 9. Bb2 Qc7 10. e3 b6 11. Nbd2 Ba6 12. Re1 Rc8 13. Rc1 Qb8 {0-1 (42) Chorshanbieva,U (2078)-Hamrakulova,Y (2178) Tashkent 2008}) 9. Nd4 Bc5 10. c4 Qb6 11. Nc2 dxc4 12. bxc4 Qe6 13. Nd2 O-O 14. Nb3 Qxc4 15. Nxc5 Nxc5 ({Of course not} 15... Qxc5 $6 16. Ba3 $16) 16. Ne3 Qe6 17. Ba3 b6 $36 {[%mdl 2048] Black is more active.} 18. Bxc5 bxc5 19. Qc2 Ba6 20. Qxc5 Bxe2 21. Rfc1 Rfc8 22. Qa3 a6 23. Rxc8+ Rxc8 24. Bf1 Bxf1 25. Rxf1 Rd8 26. Qa5 Rb8 27. Rd1 h6 28. Rd8+ Rxd8 29. Qxd8+ Kh7 30. Qa5 Nd7 31. Qb4 Qxa2 32. Qxe4+ g6 33. Qd4 Qe6 34. Ng4 {[#] Hoping for Qxd7!} h5 35. Qxd7 hxg4 $17 {[%mdl 4096] Endgame KQ-KQ} 36. Qa4 f5 ({Better is} 36... Kg7 $17) 37. Qa5 Qc6 38. Qd8 Qc1+ 39. Kg2 Qc6+ 40. Kg1 Qb7 41. h3 gxh3 {[%csl Gh3][%cal Rb7g2] [#]} 42. Qh4+ Kg7 {[%csl Gh3][%cal Rb7g2]} 43. Qd4+ Kf7 {[%csl Gh3][%cal Rb7g2]} 44. Qc4+ Kf8 {[%csl Gh3][%cal Rb7g2]} 45. Qc5+ $1 Ke8 {[%csl Gh3][%cal Rb7g2]} 46. Qe5+ (46. f3 $1 $11) 46... Kf7 $15 {[%csl Gh3][%cal Rb7g2]} 47. f3 $1 Qb1+ (47... Qxf3 $17 {[%csl Gh3][%cal Rf3g2]} 48. Qc7+ Ke8 49. Qc8+ Ke7 50. Qc7+ Ke6 51. Qc8+ Kd6 52. Qd8+ Kc5 53. Qa5+ Kc4 54. Qa4+ Kd5 55. Qa5+ Kc6 56. Qxa6+ Kd7 57. Qa7+ Kd6 58. Qd4+ Qd5 59. Qf6+ Kd7 60. Qg7+ Kc6 61. Qf6+ Kc5 62. Qc3+ Kb5 63. Qb2+ Kc5 64. Qc3+ Kb5 65. Qb2+ Ka5 66. Qa1+ Kb6 67. Qb2+ Kc5 68. Qc3+) 48. Kh2 $11 {The position is equal.} Qc2+ 49. Kxh3 Qc4 50. Kg2 Qc2+ 51. Kh3 Qc4 52. Kg2 Qa2+ 53. Kh3 Qe6 54. Qc7+ Kg8 55. Qd8+ Kh7 56. Kh4 Kg7 57. Qc7+ Qf7 58. Qc5 Qf6+ 59. Kh3 Kh6 60. Qe3+ g5 61. Qc5 Qe6 62. g4 fxg4+ 63. fxg4 Qf6 64. Kg2 Qb2+ 65. Kg3 Qb3+ 66. Kg2 Qb7+ 67. Kg3 Qb8+ 68. Kh3 Qb3+ 69. Kg2 Qb5 70. Qd6+ Kg7 71. Qe7+ Kg8 72. Qe6+ Kf8 73. Kh3 a5 74. Qf6+ Ke8 75. Qe6+ Kd8 76. Qd6+ Kc8 {And now ...Qb3+ would win.} 77. Qf8+ Kd7 {...Qd3+ is the strong threat.} 78. Qf7+ Kc8 79. Qf8+ Kb7 {Strongly threatening ...Qd3+.} 80. Qe7+ Kc6 {aiming for ...Qf1+.} 81. Qe8+ Kc5 82. Qe5+ Kb4 83. Qb2+ Kc4 84. Qe2+ Kc5 85. Qe5+ Kb6 86. Qb8+ Ka6 87. Qa8+ {Precision: White = 72%, Black = 59%.} 1/2-1/2

[Event "Baltic Zonal II Stage 2018"]
[Site "Palanga"]
[Date "2018.06.16"]
[Round "4"]
[White "Chukavin, Kirill"]
[Black "Vedrickas, Tautvydas"]
[Result "1-0"]
[WhiteElo "2256"]
[BlackElo "2408"]
[Annotator "NA"]
[PlyCount "111"]
[EventDate "2018.??.??"]
[EventType "swiss"]
[EventCountry "LTU"]
[SourceTitle "playchess.com"]
[Source "ChessBase"]
[SourceQuality "1"]
[TimeControl "5400+30"]

1. e4 {[%emt 0:00:00]} e6 {[%emt 0:00:33]} 2. d4 {[%emt 0:00:06]} d5 {[%emt 0:00:06]} 3. Nc3 {[%emt 0:01:32]} dxe4 {[%emt 0:00:08]} 4. Nxe4 {[%emt 0:00:15]} Nf6 {[%emt 0:00:13]} 5. Nxf6+ {[%emt 0:06:31]} gxf6 {[%emt 0:04:03]} 6. Nf3 {[%emt 0:01:05]} b6 {[%emt 0:00:06]} 7. Bb5+ {[%emt 0:03:06]} c6 {[%emt 0:00:07]} 8. Bd3 {[%emt 0:02:06]} Bb7 {[%emt 0:00:47]} 9. Qe2 {[%emt 0:03:31]} Qc7 {[%emt 0:01:59]} 10. Bd2 {[%emt 0:14:40]} Bd6 {[%emt 0:11:27]} 11. c4 {[%emt 0:03:20]} Nd7 {[%emt 0:10:18]} 12. Bc3 {[%emt 0:16:00]} O-O-O {[%emt 0:03:14]} 13. O-O-O {[%emt 0:01:55]} Kb8 {[%emt 0:09:13]} 14. Rhe1 {[%emt 0:03:13]} Rhg8 {[%emt 0:12:50]} 15. g3 {[%emt 0:02:35]} f5 {[%emt 0:00:40]} 16. Ne5 {[%emt 0:09:48]} Nf6 {[%emt 0:16:19]} 17. f4 {[%emt 0:09:22]} Ka8 {[%emt 0:01:45]} 18. Nf3 {[%emt 0:03:29]} Rde8 {[%emt 0:06:12]} 19. Kb1 {[%emt 0:01:49]} h6 {[%emt 0:06:33]} 20. Ka1 {[%emt 0:00:43]} Qc8 {[%emt 0:04:32]} 21. Qc2 {[%emt 0:02:22]} Ng4 {[%emt 0:01:07]} 22. Bf1 {[%emt 0:08:17]} Nf6 {[%emt 0:04:17]} 23. Nd2 {[%emt 0:00:35]} h5 {[%emt 0:00:46]} 24. d5 {[%emt 0:01:13]} Ng4 {[%emt 0:00:09]} 25. dxc6 {[%emt 0:01:44]} Qxc6 {[%emt 0:01:21]} 26. Nb3 {[%emt 0:00:15]} Rd8 {[%emt 0:01:43]} 27. Nd4 {[%emt 0:00:33]} Qh1 {[%emt 0:00:47]} 28. Re2 {[%emt 0:02:07]} Bc5 {[%emt 0:02:32]} 29. Bh3 {[%emt 0:00:36]} Bxd4 {[%emt 0:00:31]} 30. Rxh1 {[%emt 0:00:33]} Bxh1 {[%emt 0:00:11]} 31. Re1 {[%emt 0:01:24]} Ne3 {[%emt 0:00:48]} 32. Qe2 {[%emt 0:00:33]} Be4 {[%emt 0:00:13]} 33. Rc1 {[%emt 0:00:32]} Bxc3 {[%emt 0:00:20]} 34. bxc3 {[%emt 0:00:16]} Rd3 {[%emt 0:00:13]} 35. Bf1 {[%emt 0:00:45]} Rgd8 {[%emt 0:00:35]} 36. Qf2 {[%emt 0:00:25]} Ng4 {[%emt 0:01:14]} 37. Qg1 {[%emt 0:00:42]} Rd1 {[%emt 0:00:27]} 38. Rxd1 {[%emt 0:00:02]} Rxd1+ {[%emt 0:00:06]} 39. Kb2 {[%emt 0:00:02]} Rd2+ {[%emt 0:00:38]} 40. Ka3 {[%emt 0:00:21]} Nxh2 {[%emt 0:00:21]} 41. c5 {[%emt 0:00:50]} Kb7 {[%emt 0:00:48]} 42. cxb6 {[%emt 0:00:34]} axb6 {[%emt 0:00:10]} 43. Bc4 {[%emt 0:00:53]} Ng4 {[%emt 0:00:20]} 44. Qe1 {[%emt 0:00:44]} Rd8 {[%emt 0:00:35]} 45. Qe2 {[%emt 0:00:29]} Nf6 {[%emt 0:00:46]} 46. Qb2 {[%emt 0:00:32]} Ra8+ {[%emt 0:00:32]} 47. Kb4 {[%emt 0:00:18]} Nd7 {[%emt 0:00:46]} 48. Qd2 {[%emt 0:00:32]} Nc5 {[%emt 0:00:10]} 49. Bb5 {[%emt 0:00:07]} Kc7 {[%emt 0:00:13]} 50. a4 {[%emt 0:00:48]} Bd3 {[%emt 0:01:10]} 51. c4 {[%emt 0:00:44]} Rd8 {[%emt 0:00:17]} 52. a5 {[%emt 0:00:25]} Ne4 {[%emt 0:00:44]} 53. axb6+ {[%emt 0:00:08]} Kxb6 {[%emt 0:00:07]} 54. c5+ {[%emt 0:00:46]} Nxc5 {[%emt 0:00:55]} 55. Qe3 {[%emt 0:00:18]} Rd5 {[%emt 0:00:22]} 56. Bxd3 {[%emt 0:00:05]} 1-0

[Event "Baltic Zonal II Stage 2018"]
[Site "Palanga"]
[Date "2018.06.16"]
[Round "4"]
[White "Garanin, Aleksei"]
[Black "Samolins, Vitalijs"]
[Result "0-1"]
[WhiteElo "2171"]
[BlackElo "2406"]
[Annotator "NA"]
[PlyCount "52"]
[EventDate "2018.??.??"]
[EventType "swiss"]
[EventCountry "LTU"]
[SourceTitle "playchess.com"]
[Source "ChessBase"]
[SourceQuality "1"]
[TimeControl "5400+30"]

1. d4 {[%emt 0:00:00]} Nf6 {[%emt 0:00:05]} 2. c4 {[%emt 0:00:00]} e6 {[%emt 0:00:03]} 3. g3 {[%emt 0:00:00]} c5 {[%emt 0:00:25]} 4. d5 {[%emt 0:00:18]} exd5 {[%emt 0:00:10]} 5. cxd5 {[%emt 0:00:01]} g6 {[%emt 0:00:13]} 6. Nc3 {[%emt 0:00:21]} Bg7 {[%emt 0:00:21]} 7. Bg2 {[%emt 0:00:19]} O-O {[%emt 0:00:26]} 8. Nf3 {[%emt 0:00:10]} d6 {[%emt 0:00:25]} 9. O-O {[%emt 0:00:12]} Re8 {[%emt 0:00:12]} 10. Nd2 {[%emt 0:00:40]} a6 {[%emt 0:01:26]} 11. a4 {[%emt 0:00:18]} Nbd7 {[%emt 0:00:47]} 12. h3 {[%emt 0:07:20]} Rb8 {[%emt 0:02:02]} 13. Nc4 {[%emt 0:02:09]} Ne5 {[%emt 0:02:26]} 14. Na3 {[%emt 0:00:36]} Nh5 {[%emt 0:03:08]} 15. f4 {[%emt 0:10:15]} Nxg3 {[%emt 0:18:25]} 16. fxe5 {[%emt 0:00:29]} Bxe5 {[%emt 0:00:50]} 17. Nc4 {[%emt 0:15:29]} Bxc3 {[%emt 0:22:23]} 18. bxc3 {[%emt 0:00:22]} Bxh3 {[%emt 0:01:06]} 19. Ne3 {[%emt 0:24:05]} Bxg2 {[%emt 0:03:46]} 20. Kxg2 {[%emt 0:09:00]} Nxf1 {[%emt 0:00:23]} 21. Nxf1 {[%emt 0:00:53]} Qf6 {[%emt 0:11:04]} 22. Qd3 {[%emt 0:06:38]} Re5 {[%emt 0:05:28]} 23. Bd2 {[%emt 0:05:33]} h5 {[%emt 0:01:56]} 24. Nh2 {[%emt 0:06:22]} Rbe8 {[%emt 0:03:21]} 25. Re1 {[%emt 0:00:11]} Re4 {[%emt 0:00:15]} 26. Nf3 {[%emt 0:01:09]} c4 {[%emt 0:00:39]} 0-1

[Event "Baltic Zonal II Stage 2018"]
[Site "Palanga"]
[Date "2018.06.17"]
[Round "5"]
[White "Kovalenko, Igor"]
[Black "Laurusas, Tomas"]
[Result "1/2-1/2"]
[WhiteElo "2632"]
[BlackElo "2453"]
[Annotator "TA"]
[PlyCount "103"]
[EventDate "2018.??.??"]
[EventType "swiss"]
[EventCountry "LTU"]
[SourceTitle "playchess.com"]
[Source "ChessBase"]
[SourceQuality "1"]

{[%evp 9,103,0,23,-3,0,-14,-10,-13,-6,-6,-6,-4,-8,-21,-8,-10,-15,-39,-14,-7,-8,-18,-12,-15,-2,-20,-17,-18,-8,-17,0,0,14,0,5,2,20,14,11,0,16,0,8,8,8,8,8,8,8,8,8,8,8,8,13,8,8,8,8,8,8,0,8,0,8,0,0,0,0,0,0,0,0,0,0,0,0,0,0,0,0,0,0,0,0,0,0,0,0,0,0,0,0,0,0,0]} 1. c4 c6 2. Nf3 Nf6 3. Nc3 d5 4. e3 a6 5. h3 (5. d4 Bf5 6. Qb3 b5 7. c5 a5 8. Ne5 a4 9. Qd1 g6 10. Be2 Bg7 11. O-O O-O 12. g4 Be6 13. f3 Nfd7 14. Nd3 {½-½ (41) Navara,D (2727)-Eljanov,P (2702) Brest 2018}) 5... b5 {LiveBook: 7 Partien} 6. cxd5 $146 {A11: Reti-Eröffnung} ({Vorgänger:} 6. b3 g6 7. Bb2 Bg7 8. cxd5 cxd5 9. a4 b4 10. Ne2 O-O 11. Rc1 Bb7 12. Nf4 Nbd7 {½-½ (34) Baramidze,D (2554)-Antoniewski,R (2604) Austria 2011}) 6... cxd5 7. b3 Nc6 8. Bb2 d4 9. Ne2 {[%cal Re2d4]} dxe3 10. dxe3 Bb7 11. a3 e6 12. Qxd8+ Rxd8 13. Nf4 Bd6 14. Nd3 {Die Stellung ist ausgeglichen.} O-O 15. Be2 Ne4 16. b4 a5 {[%cal Ra5b4]} 17. Nd4 Nxd4 18. Bxd4 axb4 19. axb4 Ra8 20. O-O Bd5 21. Bf3 f5 22. Rfc1 Bc4 23. Rxa8 Rxa8 24. Be5 Be7 25. Nc5 Nxc5 26. bxc5 {[%cal Bb4c5,Bc5c6][%mdl 32]} (26. Bxa8 $2 {geht unter.} Nd3 $19) 26... Rc8 27. c6 {[#] Schwarz muss nun c7 beachten.} Bf6 28. Bxf6 gxf6 $11 {[%mdl 4096] Endspiel KTL-KTL} 29. Rd1 {Td7 ist eine echte Drohung.} b4 30. Rd4 Bb5 31. Rxb4 Bxc6 32. Bxc6 Rxc6 {KT-KT} 33. Rb7 Rc2 34. Re7 e5 35. Rd7 h5 36. Kf1 Ra2 37. Ke1 Rb2 38. Rd2 Rb4 39. Ke2 Kf7 40. Kf3 f4 41. g3 {[%cal Rg3f4]} fxe3 42. fxe3 Ra4 43. Rg2 Kg6 44. g4 hxg4+ 45. Rxg4+ Rxg4 46. Kxg4 {KBB-KBB} f5+ 47. Kf3 Kg5 48. Kg3 f4+ 49. exf4+ exf4+ 50. Kf3 Kh4 51. Kxf4 Kxh3 52. Ke4 {Precision: Weiß = 57%, Schwarz = 59%.} 1/2-1/2

[Event "Baltic Zonal II Stage 2018"]
[Site "Palanga"]
[Date "2018.06.17"]
[Round "5"]
[White "Neiksans, Arturs"]
[Black "Meshkovs, Nikita"]
[Result "1/2-1/2"]
[WhiteElo "2561"]
[BlackElo "2515"]
[Annotator "TA"]
[PlyCount "110"]
[EventDate "2018.??.??"]
[EventType "swiss"]
[EventCountry "LTU"]
[SourceTitle "playchess.com"]
[Source "ChessBase"]
[SourceQuality "1"]

{[%evp 17,110,6,9,0,4,6,28,28,33,20,26,21,18,0,0,5,3,5,12,5,19,11,21,21,24,24,30,15,23,15,32,15,16,8,8,8,63,26,41,9,26,0,0,0,4,0,0,0,0,0,0,0,0,0,0,0,0,0,0,0,36,8,8,8,29,21,17,0,0,0,0,0,0,0,0,0,0,0,0,0,0,0,8,0,0,0,0,0,8,8,8,8,8,8,8]} 1. e4 e5 2. Nf3 Nc6 3. Bc4 Bc5 4. d3 Nf6 5. Nc3 h6 6. O-O a6 {C50: Hungarian Defence and Giuoco Pianissimo} 7. Nd5 d6 8. c3 O-O 9. b4 (9. Be3 Bxe3 10. fxe3 Na5 11. Nxf6+ Qxf6 12. Bd5 c6 13. Bxf7+ Qxf7 14. b4 {1-0 (56) Fedoseev,V (2733)-Mamedyarov,S (2791) Sochi 2017}) 9... Ba7 {LiveBook: 3 Games} 10. a4 Nxd5 11. Bxd5 Be6 $146 ({Predecessor:} 11... Qf6 12. h3 Ne7 13. Bc4 Qg6 14. Kh1 {½-½ (29) Duhn,M (1857)-Herzog,K (1833) GER email 2013}) 12. Bxe6 fxe6 13. Ra2 Qe8 14. Qe2 Qh5 15. b5 axb5 16. axb5 Ne7 17. Be3 Bxe3 18. fxe3 Ng6 19. Rfa1 Rxa2 20. Qxa2 Rf6 21. Qf2 b6 22. Ra7 Rf7 23. h3 (23. Ra8+ {feels hotter.} Rf8 24. Ra4 Rf7 25. Qg3 Nf8 26. Ra8) 23... Nf8 24. Qh4 Qxh4 25. Nxh4 $11 {[%mdl 4096] Endgame KRN-KRN} g5 26. Nf3 Ng6 ({Better is} 26... Nh7 $11) 27. Kf2 Kg7 28. Kg3 Nf8 29. h4 gxh4+ 30. Kxh4 Nh7 31. Kg3 Nf6 32. Kf2 Kg6 33. Ke2 Rg7 34. Ra8 Kh7 35. Rf8 Nd7 ({Much worse is} 35... Rxg2+ 36. Kf1 $14) 36. Rc8 $1 Nc5 37. g4 Kg6 38. Nd2 d5 39. Nf3 Kf6 40. exd5 e4 41. dxe4 Nxe4 {The position is equal.} 42. dxe6 Nxc3+ 43. Kd3 Nxb5 44. Rh8 Rxg4 45. Rxh6+ Rg6 46. Rxg6+ Kxg6 {KN-KN} 47. Kc4 Nd6+ 48. Kd5 Kf6 49. Nd4 b5 50. Kc6 Ke7 51. Kc5 {[#]} b4 $1 {[%mdl 512]} 52. Kd5 (52. Kxb4 Ne4) 52... Kf6 53. e4 {[#]} Nxe4 $1 {[%mdl 512]} 54. Kxe4 {aiming for Kd5.} b3 55. Nxb3 {Threatening mate with Kd5.} Kxe6 {Precision: White = 55%, Black = 74%.} 1/2-1/2

[Event "Baltic Zonal II Stage 2018"]
[Site "Palanga"]
[Date "2018.06.17"]
[Round "5"]
[White "Rozentalis, Eduardas"]
[Black "Kulaots, Kaido"]
[Result "1/2-1/2"]
[WhiteElo "2519"]
[BlackElo "2574"]
[Annotator "TA"]
[PlyCount "27"]
[EventDate "2018.??.??"]
[EventType "swiss"]
[EventCountry "LTU"]
[SourceTitle "playchess.com"]
[Source "ChessBase"]
[SourceQuality "1"]

{[%evp 11,21,6,6,6,1,4,12,12,20,7,16,0]} 1. e4 c5 2. Nf3 d6 3. Bb5+ Nd7 4. O-O Ngf6 5. Re1 a6 6. Bxd7+ Bxd7 {The position is equal.} 7. e5 {B51: Sicilian: Moscow Variation (3 Bb5+) without 3...Bd7} dxe5 8. Nxe5 Rc8 (8... e6 9. d3 Bd6 10. Bg5 Bxe5 11. Rxe5 Qc7 12. Bf4 Qc6 13. Nc3 O-O 14. d4 cxd4 15. Qxd4 {½-½ (43) Rozentalis,E (2596)-Kulaots,K (2580) Augsburg 2010}) 9. d3 e6 10. Nc3 Bc6 (10... Be7 11. Qf3 Bc6 12. Nxc6 Rxc6 13. Bf4 O-O 14. Be5 Nd7 15. Bf4 Nf6 16. Be5 Nd7 17. Bf4 Nf6 18. Be5 {½-½ (18) Tomashevsky,E (2713)-Vitiugov,N (2722) St Petersburg 2017}) 11. Nxc6 {Predecessor:} Rxc6 $146 12. Qf3 Be7 13. Bg5 O-O 14. Rad1 {½-½ (41) Mikrut,D (2371)-Ftacnik,L (2611) Martin 2003} 1/2-1/2